000 00538nam a22002057a 4500
999 _c6753
_d6753
003 OSt
005 20210203145215.0
008 210203b ||||| |||| 00| 0 eng d
020 _a9780323029513
040 _cNLM
082 _aWP100 C73k 2007
100 _aKatz, Vern L. [et...al]
_913857
245 _aComprehensive Gynecology
250 _a5th ed.
260 _aPhiladelphia;
_bMosby,
_c2007
300 _axiii,1112p; col.ill: 28cm
504 _aBibliography, & index included
650 _aGynecology
_91956
942 _2z
_cO_SHELF